| 000 | 01080nac a22002531u 4500 | ||
|---|---|---|---|
| 008 | 100905s2003 ny |||||r|||| 001 0 eng d | ||
| 010 | _a2003265331 | ||
| 020 | _a013061775X | ||
| 082 |
_a004.165 _bMAZ _222 |
||
| 100 |
_aMazidi, Muhammad Ali. _917989 |
||
| 245 |
_aThe 80x86 IBM PC and compatible computers. _cMuhammad Ali Mazidi, Janice Gillespie Mazidi. _nVolumes I & II. _pAssembly language, design, and interfacing |
||
| 246 | _a80x86 IBM PC and compatible computers | ||
| 246 | _aAssembly language, design, and interfacing | ||
| 250 | _a4th ed. | ||
| 260 |
_aUpper Saddle River, N.J. : _bPrentice Hall, _cc2003. |
||
| 300 |
_axxxvii, 984 p. : _bill. _c29 cm. |
||
| 504 | _aIncludes bibliographical references (p. 967) and index. | ||
| 650 |
_aIntel 80x86 series microprocessors _xProgramming. _917990 |
||
| 650 |
_aIBM microcomputers _xProgramming. _917991 |
||
| 650 |
_aIBM-compatible computers _xProgramming. _917992 |
||
| 650 |
_aAssembler language (Computer program language) _917993 |
||
| 700 |
_4Mazidi, Janice Gillispie. _917994 |
||
| 942 |
_cBB _k004.165 MAZ _2ddc |
||
| 999 |
_c495 _d495 |
||